ক্ষীরের পুতুল / (Record no. 923)
[ view plain ]
| 000 -LEADER | |
|---|---|
| fixed length control field | 00717nam a2200229 a 4500 |
| 001 - CONTROL NUMBER | |
| JCCL Control Number | 923 |
| 003 - CONTROL NUMBER IDENTIFIER | |
| JCCL marc code | BD-JhCC |
| 005 - DATE AND TIME OF LATEST TRANSACTION | |
| control field | 20200401134007.0 |
| 008 - FIXED-LENGTH DATA ELEMENTS--GENERAL INFORMATION | |
| fixed length control field | 171011s2015 b a|||| |||| 000 0 ben d |
| 020 ## - INTERNATIONAL STANDARD BOOK NUMBER | |
| International Standard Book Number | 8170667135 |
| 035 ## - SYSTEM CONTROL NUMBER | |
| system control number | (BD-JhCC)923 |
| 040 ## - CATALOGING SOURCE | |
| Original cataloging agency | BD-JhCC |
| Modifying agency | BD-JhCC |
| 041 ## - LANGUAGE CODE | |
| Language code of Book | ben |
| 082 ## - DEWEY DECIMAL CLASSIFICATION NUMBER | |
| Classification number | 891.4435 |
| Author mark and Year | TAG 2015 |
| 100 ## - MAIN ENTRY--PERSONAL NAME | |
| Personal name | ঠাকুর ,অবনীন্দ্রনাথ |
| 245 ## - TITLE STATEMENT | |
| Title | ক্ষীরের পুতুল / |
| Statement of responsibility, etc | অবনীন্দ্রনাথ ঠাকুর |
| 260 ## - PUBLICATION, DISTRIBUTION, ETC. (IMPRINT) | |
| Place of publication, distribution, etc | কলকাতা : |
| Name of publisher, distributor, etc | আনন্দ, |
| Date of publication, distribution, etc | ২০১৫. |
| 300 ## - PHYSICAL DESCRIPTION | |
| Pagination | ৫৩ পৃ.: |
| Dimensions | ১৬সেমি. |
| 650 ## - SUBJECT ADDED ENTRY--TOPICAL TERM | |
| Topical term or geographic name as entry element | Short stories |
| General subdivision | Juvinel literature |
| 942 ## - ADDED ENTRY ELEMENTS (KOHA) | |
| Source of classification or shelving scheme | Dewey Decimal Classification |
| Koha item type | Books |
| Koha issues (borrowed), all copies | 2 |
| Source of classification or shelving scheme | Damaged status | Not for loan | Home library | Current library | Shelving location | Date of accession | Source of acquisition | Cost, normal purchase price | Total Checkouts | Full call number | Barcode | Date last seen | Date checked out | Copy number | Koha item type |
|---|---|---|---|---|---|---|---|---|---|---|---|---|---|---|---|
| Dewey Decimal Classification | JCC Rouf Library | JCC Rouf Library | General Stacks | 10/11/2017 | IPDC | 50.00 | 1 | 891.4435 TAG 2015 | 1891 | 04/19/2020 | 03/31/2020 | C-1 | Books |